Historia de los sucesos militares de la División de Navarra y demás acontecimientos de este reyno durante la última guerra contra el tirano Napoleón / (Record no. 98323)
[ view plain ]
| 000 -LEADER | |
|---|---|
| campo de control de longitud fija | 00683nam a2200169 i 4500 |
| 001 - NÚMERO DE CONTROL | |
| campo de control | 98323 |
| 003 - IDENTIFICADOR DE NÚMERO DE CONTROL | |
| campo de control | ES-MaACL |
| 007 - CAMPO FIJO DE DESCRIPCIÓN FÍSICA--INFORMACIÓN GENERAL | |
| campo de control de longitud fija | t| |
| 008 - DATOS DE LONGITUD FIJA--INFORMACIÓN GENERAL | |
| campo de control de longitud fija | 050728s1953 sp ||||1| spa d |
| 100 1# - ENTRADA PRINCIPAL--NOMBRE DE PERSONA | |
| Nombre de persona | Martín, Andrés. |
| 9 (RLIN) | 77265 |
| 245 10 - MENCIÓN DEL TÍTULO | |
| Título | Historia de los sucesos militares de la División de Navarra y demás acontecimientos de este reyno durante la última guerra contra el tirano Napoleón / |
| Mención de responsabilidad, etc. | por Don Andrés Martín; revisión y prólogo por J. Mª. Iribarren. |
| 260 ## - PUBLICACIÓN, DISTRIBUCIÓN, ETC. | |
| Lugar de publicación, distribución, etc. | Pamplona : |
| Nombre del editor, distribuidor, etc. | Real Cofradía del Gallico de San Cernin, |
| Fecha de publicación, distribución, etc. | 1953. |
| 300 ## - DESCRIPCIÓN FÍSICA | |
| Extensión | XV, 132 p. ; |
| Dimensiones | 18 cm. |
| 500 ## - NOTA GENERAL | |
| Nota general | Es el Tomo I. |
| 700 1# - ENTRADA AGREGADA--NOMBRE PERSONAL | |
| Nombre de persona | Iribarren, José María. |
| 9 (RLIN) | 65454 |
| 852 ## - LOCALIZACIÓN | |
| Ubicación | ES-MaACL |
| Número de control de estantería | E-3738 |
| Sublocalización o colección | R.35193 |
| Estatus retirado | Estado de pérdida | Estado de daño | No para préstamo | Biblioteca de origen | Biblioteca actual | Ubicación en estantería | Fecha de adquisición | Fuente de adquisición | Total de préstamos | Signatura topográfica completa | Código de barras | Visto por última vez | Precio de reemplazo | Tipo de ítem Koha |
|---|---|---|---|---|---|---|---|---|---|---|---|---|---|---|
| Biblioteca del Ateneo de Madrid | Biblioteca del Ateneo de Madrid | Depósito 2 | 17/01/2008 | E-3738 | 1102642 | 23/02/2023 | 23/02/2023 | Libro impreso |
